Röntgenoštruktúrny výskum vybraných komplexov

Enregistré dans:
Détails bibliographiques
Auteur principal: Straková, Lucia (Auteur)
Autres auteurs: Fronc, Marek (Directeur de thèse)
Format: Manuscrit Livre
Langue:slovaque
Publié: 2016
Sujets:
Accès en ligne:http://is.stuba.sk/zp/portal_zp.pl?podrobnosti=131869
Tags: Ajouter un tag
Pas de tags, Soyez le premier à ajouter un tag!

MARC

LEADER 00000ntm a22000003a 4500
001 stuzp58665
003 SK-STU
005 20160719155633.6
007 ta
008 150427s2015----xo-----f-mn---000-0-slo-d
040 |a STU  |b slo 
041 0 |a slo 
100 1 |a Straková, Lucia  |u 045210  |4 aut  |U FCHPT Ústav fyzikálnej chémie a chemickej fyziky  |T FCHPT Oddelenie fyzikálnej chémie  |X 43397  |U C5210  |Y 117  |7 43397 
242 0 1 |a X-Ray Structural Research of the Selected Compounds  |y eng 
245 1 0 |a Röntgenoštruktúrny výskum vybraných komplexov 
260 |c 2016 
650 4 |a kryštálová štruktúra  |2 slo 
650 4 |a kryštál  |2 slo 
650 4 |a RTG štruktúrna analýza  |2 slo 
650 4 |a crystal  |2 eng 
650 4 |a X-Ray structure analysis  |2 eng 
650 4 |a crystal structure  |2 eng 
700 1 |a Fronc, Marek  |u 045210  |k Z1  |4 ths  |U FCHPT Ústav fyzikálnej chémie a chemickej fyziky  |T FCHPT Oddelenie fyzikálnej chémie  |X 3963  |U C5210  |Y 117  |7 A000003963 
856 4 |u http://is.stuba.sk/zp/portal_zp.pl?podrobnosti=131869 
SQL |a stuzp58665  |b DDP  |c SLO  |d Röntgenoštruktúrny výskum vybraných komplexov  |e 43397  |f Straková, Lucia  |g 045210  |h 3963  |i Fronc, Marek  |j 20160606  |k 1400  |l 04  |m http://is.stuba.sk/zp/portal_zp.pl?podrobnosti=131869  |n I-TCHEM  |o 4.1.14. chémia, 5.2.18. chemické technológie